Statistics for Parts of a Steam Locomotive

Click here to take the quiz!

General Stats

  • This quiz has been taken 73 times
    (70 since last reset)
  • The average score is 7 of 12

Answer Stats

Hint Answer % Correct
Where steam pressure is created.Boiler
89%
Stores coal in locos wthout a tender.Bunker
78%
CHOO CHOO!Whistle
78%
Puts water in the boiler.Injectors
69%
Collects steam at the top of the Boiler.Dome
64%
Fowards, backwards, forwards, backwards.Reverser
56%
Forces steam out of the chimney.Blast Pipe
53%
Allows steam and water to escape the cylinders.Cylinder Drain Cocks
47%
Improves grip.Sanders
47%
Allows steam to escape when pressure builds too high.Safety Valves
39%
Shows the footplate crew the Boiler water level.Gauge Glass
39%
Increases air flow in fire box.Dampers
33%

Score Distribution

Percentile by Number Answered

Percent of People with Each Score

Your Score History

You have not taken this quiz since the last reset